عرض عادي
عرض مارك
- Szuchman, Lenore T.,
مدخل إسم شخص
001 - رقم الضبط
- حقل الضبط: 18332
003 - معرف رقم الضبط
- حقل الضبط: OSt
005 - تاريخ ووقت أخر عملية
- حقل الضبط: 20121224162605.0
008 - عناصر بيانات ثابتة الطول
- حقل تحكم ثابت الطول: 121224|||a|||||| | ||| d
040 ## - مصدر الفهرسة
- هيئة الفهرسة الأصلية: OSt
- وكالة الكتابة: OSt
100 ## - مدخل -- أسم شخص
- إسم شخص: Szuchman, Lenore T.,
- تواريخ مرتبطة بالاسم: 1948-
670 ## - بيانات المصدر موجوده
- الاستشهاد بالمصدر: Work cat.: (OSt)0: Szuchman, Lenore T., 1948-, Writing with style :, c2011.
